Le code- Myth Syzer- Paroles - Statistiques

Statistiques générales
  • Ce quiz a été pris 27 fois
  • Le résultat moyen est 324 sur 444
Statistiques - réponses
Paroles % Correct
je
100%
Je
100%
la
100%
mon
100%
Mon
100%
suis
100%
amour
95%
code
95%
cour
95%
d'
95%
dans
95%
le
95%
moi
95%
votre
95%
Allo
90%
bâtiment
90%
batiment
90%
de
90%
Donne
90%
du
90%
les
90%
Laisse
85%
ma
85%
me
85%
ta
85%
Tu
85%
tu
85%
Ca
80%
ca
80%
ça
80%
C'est
80%
c'est
80%
clé
80%
compliqué
80%
des
80%
elle
80%
et
80%
Et
80%
fait
80%
ferai
80%
jours
80%
J'te
80%
l'amour
80%
mois
80%
On
80%
on
80%
oui
80%
pas
80%
tous
80%
en
75%
j'ai
75%
mais
75%
n'ai
75%
pris
75%
sait
75%
A36B
70%
entre
70%
fais
70%
Fais
70%
insisté
70%
plus
70%
que
70%
Un
70%
Coeur
65%
eh
65%
J'essaye
65%
j'essaye
65%
l'autre
65%
l'ouïe
65%
m'en
65%
ne
65%
peine
65%
perdu
65%
pied
65%
pierre
65%
rever
65%
s'aime
65%
t'as
65%
donc
60%
était
60%
j't'avais
60%
l'oublier
60%
pour
60%
Pour
60%
promesse
60%
rappeler
60%
te
60%
tes
60%
Toi
60%
toi
60%
Afin
55%
ceux
55%
chiffres
55%
connaissais
55%
d'mettre
55%
j'le
55%
J't'ai
55%
l'code
55%
l'ordre
55%
qui
55%
saigne
55%
se
55%
sont
55%
ton
55%
veux
55%
Y'a
55%
charmes
50%
d'autre
50%
j'aimerais
50%
l'hall
50%
meures
50%
monter
50%
password
50%
personne
50%
tombe
50%
baisse
45%
hey
45%
l'love
45%
mes
45%
m'inviter
45%
Ouais
45%
pleures
45%
réveiller
45%
s'en
45%
sourd
45%
sous
45%
vas
45%
voisins
45%
au
40%
bon
40%
coule
40%
deja
40%
devenir
40%
étrange
40%
fleurs
40%
jamais
40%
jusqu'à
40%
lasser
40%
lourds
40%
mieux
40%
Peut
40%
si
40%
sur
40%
toucher
40%
airs
35%
bizarre
35%
corps
35%
discrète
35%
douce
35%
penche
35%
promets
35%
quand
35%
sais
35%
sourds
35%
contre
30%
dit
30%
fanent
30%
même
30%
pourtant
30%
revoir
30%
sortent
30%
fuis
25%
nuit
25%
chaque
20%
Chaque
20%
Perds
20%
s'est
20%
légers
10%
Aucun quiz correspondant
Distribution des résultats
% des personnes avec chaque résultat
Percentile par nombre de réponses
Votre historique - résultats
Vous n’avez pas pris ce quiz